000 nam a22 7a 4500
999 _c233476
_d233476
003 Nust
005 20170308105040.0
008 170308b xxu||||| |||| 00| 0 eng d
040 _c0
050 _a628 SHA
082 _a628 SHA
100 _aAfeeq Shahid
245 _aStudy Of Surface Kinetic Models For Fatty Acid Esterification To Esters Using Acidic heterogeneous Catalyst
_cAfeeq Shahid
260 _aIslamabad
_bIESE (SCEE) NUST
_c2016.
300 _a52 p.
_bHB.
440 _aMS Environmental Engineering
500 _aThesis MS EE
650 _aEnvironmental Engineering
700 _4Dr. Yousuf Jamal (Supervisor)
942 _2ddc
_cTHE
_kIESE